书目信息 |
| 题名: |
互换性与技术测量
|
|
| 作者: | 范国敏 主编 | |
| 分册: | ||
| 出版信息: | 北京 煤炭工业出版社 2016 |
|
| 页数: | 134页 | |
| 开本: | ||
| 丛书名: | ||
| 单 册: | ||
| 中图分类: | TG801 | |
| 科图分类: | ||
| 主题词: | 公差 , 技术测量 , 机械量仪 , 量具 | |
| 电子资源: | ||
| ISBN: | 7-5020-5022-1 | |
| 000 | 00617nam0 2200229 450 | |
| 001 | 207 | |
| 005 | 20160905102120.37 | |
| 010 | @a7-5020-5022-1@dCNY21.00 | |
| 100 | @a20160721d2016 km y0chiy0120 ea | |
| 101 | 0 | @achi |
| 102 | @aCN@b110000 | |
| 200 | 1 | @a互换性与技术测量@Ahu huan xing yu ji shu ce liang@f范国敏主编@Ffan guo min zhu bian |
| 210 | @a北京@c煤炭工业出版社@d2016 | |
| 215 | @a134页 | |
| 606 | 0 | @a公差 |
| 606 | 0 | @a技术测量 |
| 606 | 0 | @a机械量仪 |
| 606 | 0 | @a量具 |
| 690 | @aTG801@v4 | |
| 701 | 0 | @a范国敏@Afan guo min@4主编 |
| 801 | 0 | @aCN@b唐山师范学院图书馆@c20160721 |
| 905 | @aZUCC@dTG801@e16 | |
| 互换性与技术测量/范国敏主编.-北京:煤炭工业出版社,2016 |
| 134页 |
| ISBN 7-5020-5022-1:CNY21.00 |
| ● |
| 相关链接 |
|
|
|
|
正题名:互换性与技术测量
索取号:TG801/16
 
预约/预借
| 序号 | 登录号 | 条形码 | 馆藏地/架位号 | 状态 | 备注 |
| 1 | 900872 | 209008722 | 第二样本阅览室/ [索取号:TG801/16] | 在馆 | |
| 2 | 900873 | 209008731 | 第三借阅区/ [索取号:TG801/16] | 在馆 | |
| 3 | 900874 | 209008740 | 第三借阅区/ [索取号:TG801/16] | 在馆 | |
| 4 | 900875 | 209008759 | 第三借阅区/ [索取号:TG801/16] | 在馆 |